| 000 | 00533 a2200169 4500 | ||
|---|---|---|---|
| 999 |
_c7451 _d7451 |
||
| 020 | _a0521750954 | ||
| 050 | _aHD30 NUT 2002 | ||
| 100 |
_aNuttall, Chris J. _eauthor |
||
| 245 |
_aIGCSE Business studies: _b/ _cChris J. Nuttall |
||
| 264 |
_aCambridge : _bCambridge University Press, _c2002. |
||
| 300 |
_a318p. : _bill. (col.) ; 25cm |
||
| 500 | _aIncludes index | ||
| 650 | _aBusiness examinations study guides | ||
| 650 | _aManagement examinations study guides | ||
| 650 | _aBusiness examinations | ||
| 942 |
_2lcc _cBK _h30 _iNUT _kHD |
||